00000000nam 2200000zi 4500
0019.947158
003CaOODSP
00520250424135931
006m     o  d f      
007cr mn|||||||||
008250120e202503##qucd    obs  f000 0 eng d
020 |a9780660753379
040 |aCaOODSP|beng|erda|cCaOODSP
043 |an-cn---
0861 |aEn4-144/18-2025E-PDF
24500|aCanadian environmental sustainability indicators : |bgreenhouse gas emissions.
24630|aGreenhouse gas emissions
250 |a[2025 edition].
264 1|aGatineau QC : |bEnvironment and Climate Change Canada = Environnement et changement climatique Canada, |cMarch 2025.
264 4|c©2025
300 |a1 online resource (28 pages) : |bgraphs
336 |atext|btxt|2rdacontent
337 |acomputer|bc|2rdamedia
338 |aonline resource|bcr|2rdacarrier
500 |aCover title.
500 |aIssued also in French under title: Indicateurs canadiens de durabilité de l'environnement : émissions de gaz à effet de serre.
500 |a"Project code: EC24019."
504 |aIncludes bibliographical references.
650 0|aGreenhouse gases|xEnvironmental aspects|zCanada|vStatistics.
650 0|aEnvironmental indicators|zCanada.
655 7|aStatistics|2lcgft
7101 |aCanada. |bEnvironment and Climate Change Canada, |eissuing body.
77508|tIndicateurs canadiens de durabilité de l'environnement : |w(CaOODSP)9.947159
795 |tCanadian environmental sustainability indicators : |b[2024 edition]|w(CaOODSP)9.934418
85640|qPDF|s907 KB|uhttps://publications.gc.ca/collections/collection_2025/eccc/en4/En4-144-18-2025-eng.pdf
8564 |qHTML|sN/A|uhttps://www.canada.ca/en/environment-climate-change/services/environmental-indicators/greenhouse-gas-emissions.html